El Palau dels Artesans : Exposició fotogràfica de Ramon Manent : Fins al juny de 2016 : Cavallerissa del Palau Güell Exposició fotogràfica de Ramon Manent : Fins al juny de 2016 : Cavallerissa del Palau Güell
Descripción Física:
1 targeta postal ; il. col. ; 11 x 15 cm.
Materias:
Manent, Ramon, -- 1948- -- Exposicions
; Palau Güell (Barcelona) -- Exposicions
; Fotografies -- Exposicions
; Targetes postals
Idioma:
Catalán
MARC
| LEADER | 00000nkm a22000007a 4500 | ||
|---|---|---|---|
| 001 | 27125 | ||
| 003 | Arxiu | ||
| 005 | 20260324181146.0 | ||
| 008 | 221220b spa||||| |||| 00| 0 cat d | ||
| 017 | |b B 27738-2015 | ||
| 040 | |a agdb |b cat | ||
| 245 | |a El Palau dels Artesans : |b Exposició fotogràfica de Ramon Manent : Fins al juny de 2016 : Cavallerissa del Palau Güell | ||
| 260 | |a Barcelona : |b Palau Güell : |b Diputació de Barcelona ; |c 2015 | ||
| 300 | |a 1 targeta postal ; |b il. col. ; |c 11 x 15 cm. | ||
| 600 | 0 | |9 53166 |a Manent, Ramon, |d 1948- |v Exposicions | |
| 610 | 2 | 0 | |a Palau Güell (Barcelona) |v Exposicions |9 52787 |
| 650 | 0 | |2 Arxiu |9 46574 |a Fotografies |x Exposicions | |
| 655 | 0 | |9 52685 |a Targetes postals | |
| 710 | 2 | |a Palau Güell (Barcelona) |9 17034 | |
| 942 | |2 udc |c ARXIU |n 1 | ||
| 952 | |0 0 |1 0 |2 udc |4 0 |6 NBM1645 |7 1 |9 64866 |a Arxiu |b Arxiu |d 2022-12-20 |l 0 |o NBM-16-45 |p 27125 |r 2022-12-20 00:00:00 |w 2022-12-20 |y ARXIU | ||
| 999 | |c 82832 |d 82832 | ||